[Event "Vugar Gashimov Mem 2018"]
[Site "Shamkir AZE"]
[Date "2018.04.23"]
[Round "5.4"]
[White "Mamedov,Rau"]
[Black "Karjakin,Sergey"]
[Result "1/2-1/2"]
[WhiteElo "2704"]
[BlackElo "2778"]

1.e4 c5 2.Nf3 d6 3.Bb5+ Nd7 4.O-O a6 5.Bd3 Ngf6 6.Re1 b5 7.c3 Bb7 8.Bc2 c4
9.a4 e6 10.axb5 axb5 11.Rxa8 Qxa8 12.Na3 Bxe4 13.Bxe4 Nxe4 14.d3 cxd3 15.Nxb5 Qb7
16.c4 d5 17.cxd5 exd5 18.Qb3 Nc5 19.Qxd5 Qxd5 20.Nc7+ Kd7 21.Nxd5 Bd6 22.b4 Nb3
23.Rxe4 Nxc1 24.Rc4 Ne2+ 25.Kf1 Rb8 26.Ne1 Nf4 27.Nxf4 d2 28.Ke2 dxe1=B 29.Kxe1 Rxb4
30.Rxb4 Bxb4+ 31.Ke2 Bd6 32.Kf3 Bb4 33.Ke2 Bd6 34.Kf3 Bb4 35.Ke2  1/2-1/2